[Event "23rd Abu Dhabi Masters"]
[Site "Abu Dhabi UAE"]
[Date "2016.08.21"]
[Round "1.3"]
[White "Adhiban, Baskaran"]
[Black "Raetsky, Alexander"]
[Result "1-0"]
[WhiteTitle "GM"]
[BlackTitle "GM"]
[WhiteElo "2671"]
[BlackElo "2384"]
[WhiteFideId "5018471"]
[BlackFideId "4103203"]
[EventDate "2016.08.21"]

1. Nf3 d5 2. c4 d4 3. b4 f6 4. e3 e5 5. c5 d3 6. Qa4+ c6 7. Qb3 e4 8. Nd4 f5 9.
Nc3 Nf6 10. Ba3 Qe7 11. g3 h5 12. f3 g6 13. fxe4 fxe4 14. Bg2 h4 15. Rf1 hxg3
16. hxg3 Bg4 17. Nxe4 Nxe4 18. Bxe4 Qxe4 19. Qf7+ Kd8 20. Qf6+ Kc7 21. Qxh8 Nd7
22. Qh1 Qxh1 23. Rxh1 Bg7 24. Bb2 Be5 25. Kf2 Rf8+ 26. Kg1 Bxg3 27. Kg2 Be5 28.
Raf1 Rxf1 29. Kxf1 b6 30. Rg1 Bh3+ 31. Ke1 bxc5 32. bxc5 Nxc5 33. Rxg6 Bd7 34.
Nb3 Bxb2 35. Nxc5 Bf5 36. Rg5 Bh7 37. Rh5 Bg6 38. Rh6 Bf5 39. e4 Bc8 40. Nxd3
Bd4 41. Nb4 Bd7 42. Na6+ Kc8 43. Nb8 1-0

[Event "23rd Abu Dhabi Masters"]
[Site "Abu Dhabi UAE"]
[Date "2016.08.21"]
[Round "1.4"]
[White "Eggleston, David J"]
[Black "Fedoseev, Vladimir3"]
[Result "0-1"]
[WhiteTitle "IM"]
[BlackTitle "GM"]
[WhiteElo "2384"]
[BlackElo "2670"]
[WhiteFideId "412120"]
[BlackFideId "24130737"]
[EventDate "2016.08.21"]

1. e4 Nf6 2. e5 Ng8 3. d4 d6 4. Nf3 Bg4 5. Be2 dxe5 6. Nxe5 Bxe2 7. Qxe2 Qxd4 8.
Qb5+ Nd7 9. Nxd7 O-O-O 10. Nc3 Rxd7 11. Be3 a6 12. Qb3 Qg4 13. O-O e6 14. a3 Nf6
15. h3 Qf5 16. a4 Bc5 17. Bxc5 Qxc5 18. a5 Rhd8 19. Ra4 Rd4 20. Ra3 Rb4 21. Qa2
Rd2 22. Qb1 Rf4 23. Qe1 Rxc2 24. Rb3 Qc4 25. Ra3 Rxb2 26. Ra4 Rb4 27. Ra2 Ne4
28. Ra3 Rb2 29. Nd1 Re2 0-1

[Event "23rd Abu Dhabi Masters"]
[Site "Abu Dhabi UAE"]
[Date "2016.08.21"]
[Round "1.5"]
[White "Areshchenko, Alexander"]
[Black "Dimakiling, Oliver"]
[Result "1-0"]
[WhiteTitle "GM"]
[BlackTitle "IM"]
[WhiteElo "2665"]
[BlackElo "2382"]
[WhiteFideId "14109530"]
[BlackFideId "5202248"]
[EventDate "2016.08.21"]

1. e4 e5 2. Nf3 Nf6 3. Nxe5 d6 4. Nf3 Nxe4 5. d4 Be7 6. Bd3 Nf6 7. h3 O-O 8. O-O
c5 9. b3 Nc6 10. Bb2 Nb4 11. Be2 Bf5 12. Na3 d5 13. c3 Nc6 14. Nc2 Qb6 15. Ne3
Be4 16. Ng5 Rad8 17. Nxe4 Nxe4 18. Bf3 f5 19. c4 dxc4 20. Nxf5 Rxf5 21. Bxe4 Rf4
22. Qe2 Nxd4 23. Qxc4+ Kh8 24. Rae1 Qd6 25. Bc1 Rh4 26. Qd3 b5 27. f4 Qc7 28.
Qg3 Rh6 29. Qf2 a5 30. Be3 b4 31. Kh2 Re6 32. Bb1 Bf6 33. Bc1 Rde8 34. Bd3 Qe7
35. Bd2 Qd8 36. Rxe6 Rxe6 37. Re1 Bh4 38. g3 Rxe1 39. Bxe1 Bf6 40. Qg2 g6 41.
Bc4 Kg7 42. Bf2 h5 43. Qb7+ Qe7 44. Qd5 Qf8 45. Kg2 Qe8 46. Qb7+ Qe7 47. Qd5 Qe8
48. Bd3 Qe6 49. Qxc5 Nf5 50. Qxa5 Qc6+ 51. Kh2 Qf3 52. Qa7+ Kh6 53. Bxf5 gxf5
54. Qe3 Qc6 55. Qd3 Qe6 56. Bc5 h4 57. gxh4 Kg7 58. Bxb4 Bxh4 59. Bc3+ Kg6 60.
Be5 Be7 61. Qc4 1-0

[Event "23rd Abu Dhabi Masters"]
[Site "Abu Dhabi UAE"]
[Date "2016.08.21"]
[Round "1.7"]
[White "Amin, Bassem"]
[Black "Abhishek, Kelkar"]
[Result "1-0"]
[WhiteTitle "GM"]
[BlackTitle "IM"]
[WhiteElo "2654"]
[BlackElo "2380"]
[WhiteFideId "10601457"]
[BlackFideId "5019257"]
[EventDate "2016.08.21"]

1. e4 e5 2. Nf3 Nc6 3. Bc4 Nf6 4. d3 Be7 5. O-O O-O 6. Re1 d6 7. a4 Kh8 8. a5 a6
9. h3 Ng8 10. Nc3 f5 11. Nd5 Bf6 12. c3 f4 13. d4 g5 14. dxe5 Bxe5 15. Nxe5 Nxe5
16. Bf1 Nf6 17. c4 Nxd5 18. exd5 Qf6 19. Bd2 f3 20. g3 Bd7 21. Bc3 Rae8 22. Re3
Kg8 23. Ra3 g4 24. h4 Re7 25. Qb3 Bc8 26. c5 Rfe8 27. Ra4 Qg6 28. Rae4 Kf8 29.
Qb4 Nf7 30. Rxe7 Rxe7 31. Rxe7 Kxe7 32. c6 Nd8 33. cxb7 Bxb7 34. Qc4 Kd7 35. Bd3
Qh5 36. Be4 c6 37. Qd3 c5 38. b4 cxb4 39. Bxb4 Nf7 40. Bf5+ Kd8 41. Be6 Ke7 42.
Qe4 Ne5 43. Bxd6+ Kxd6 44. Qb4+ Kc7 45. d6+ Kb8 46. Bd5 1-0

[Event "23rd Abu Dhabi Masters"]
[Site "Abu Dhabi UAE"]
[Date "2016.08.21"]
[Round "1.8"]
[White "Tissir, Mohamed"]
[Black "Melkumyan, Hrant"]
[Result "1/2-1/2"]
[WhiteTitle "IM"]
[BlackTitle "GM"]
[WhiteElo "2380"]
[BlackElo "2650"]
[WhiteFideId "9000240"]
[BlackFideId "13302485"]
[EventDate "2016.08.21"]

1. e4 e5 2. Nf3 Nc6 3. Bc4 Nf6 4. d3 Bc5 5. c3 O-O 6. Bb3 d5 7. Qe2 Be6 8. Nbd2
Re8 9. O-O h6 10. Re1 a6 11. exd5 Bxd5 12. Ne4 Be7 13. Nxf6+ Bxf6 14. Nd2 Bxb3
15. axb3 Re6 16. b4 Qd5 17. Ne4 Be7 18. Qf3 Rd8 19. Rd1 Rg6 20. Be3 Qe6 21. Ng3
Bf8 22. h3 Qd5 23. Ne4 Qe6 24. Ng3 Kh8 25. Rd2 Be7 26. Rad1 Qd5 27. Ne4 Rf8 28.
Qf5 Bd6 29. c4 Qe6 30. Qxe6 Rxe6 31. b5 axb5 32. cxb5 Ne7 33. Nc5 Bxc5 34. Bxc5
Rd8 35. d4 Nf5 36. dxe5 Rxd2 37. Rxd2 Rxe5 38. Rc2 Rd5 39. b6 c6 40. b4 Kg8 41.
g4 Nd6 42. Ra2 Nb5 43. Ra8+ Kh7 44. Re8 Rd7 45. Re3 Kg6 46. Kg2 Kf6 47. f4 g5
48. f5 h5 49. Kg3 h4+ 50. Kf3 Nd4+ 51. Ke4 Nb5 52. Kf3 Kg7 53. Be7 f6 54. Bc5
Kf7 55. Ke4 Nd6+ 56. Bxd6 Rxd6 57. Rd3 Rxd3 58. Kxd3 Ke7 59. Kc4 Kd7 60. Kc5 Ke7
61. Kc4 Kd7 62. Kc5 1/2-1/2

[Event "23rd Abu Dhabi Masters"]
[Site "Abu Dhabi UAE"]
[Date "2016.08.21"]
[Round "1.9"]
[White "Kuzubov, Yuriy"]
[Black "Omar, Noaman"]
[Result "1-0"]
[WhiteTitle "GM"]
[BlackTitle "IM"]
[WhiteElo "2639"]
[BlackElo "2377"]
[WhiteFideId "14112906"]
[BlackFideId "9300244"]
[EventDate "2016.08.21"]

1. c4 e6 2. Nf3 d5 3. g3 Nf6 4. Bg2 Be7 5. d4 O-O 6. O-O dxc4 7. Qc2 a6 8. a4
Bd7 9. Rd1 Bc6 10. Nc3 a5 11. e4 Na6 12. Ne5 Nb4 13. Qe2 Nd3 14. Nxd3 cxd3 15.
Rxd3 Re8 16. Bf4 Nd7 17. Qc2 Nb6 18. Nb5 Bxb5 19. axb5 Qd7 20. Rc3 Qxb5 21. Bf1
Qb4 22. Rb3 Qxd4 23. Bxc7 Nc8 24. Rd1 Qc5 25. Qxc5 Bxc5 26. Rxb7 h6 27. e5 Re7
28. Bg2 Kh7 29. Bd6 1-0

[Event "23rd Abu Dhabi Masters"]
[Site "Abu Dhabi UAE"]
[Date "2016.08.21"]
[Round "1.10"]
[White "Laxman, R.R."]
[Black "Gupta, Abhijeet"]
[Result "1/2-1/2"]
[WhiteTitle "GM"]
[BlackTitle "GM"]
[WhiteElo "2374"]
[BlackElo "2637"]
[WhiteFideId "5005361"]
[BlackFideId "5010608"]
[EventDate "2016.08.21"]

1. d4 Nf6 2. Nf3 g6 3. Bg5 Bg7 4. Nbd2 O-O 5. c3 d6 6. e4 c5 7. dxc5 dxc5 8. Bc4
Nc6 9. O-O Qc7 10. Re1 h6 11. Bh4 Nh5 12. Qc2 Na5 13. Bf1 Be6 14. Nb3 Nc4 15.
Nbd2 Na5 16. Nb3 Nc4 17. Nbd2 Nxd2 18. Nxd2 c4 19. Nf3 Rad8 20. Rad1 Bg4 21. Bg3
Nxg3 22. hxg3 b5 23. Be2 Bc8 24. Qc1 Qc5 25. Rxd8 Rxd8 26. Rd1 Rxd1+ 27. Qxd1
Bb7 28. Qd8+ Bf8 29. Qd4 e6 30. Qxc5 Bxc5 31. Nd2 e5 32. Kf1 a6 33. a4 Be7 34.
axb5 axb5 35. Ke1 Bg5 36. f3 Bc6 37. b3 cxb3 38. Nxb3 Kf8 39. Nc5 Ke7 40. c4
bxc4 41. Bxc4 Kd6 42. Nd3 f5 43. exf5 gxf5 44. Nxe5 Kxe5 45. f4+ Kd4 46. fxg5
hxg5 47. Be6 Ke5 48. Bc8 Bxg2 49. Kf2 Bh3 50. Bd7 Bg4 51. Bc8 Kf6 52. Ke3 Bd1
53. Ba6 Kg6 54. Bd3 Bg4 55. Kd4 Kf6 56. Bc2 f4 57. gxf4 gxf4 58. Ke4 Kg5 59. Ba4
Be2 60. Bd7 Bd1 61. Bc8 Bg4 62. Ba6 Bh5 63. Bc8 Bg4 64. Ba6 Bh5 65. Bc8 Bg4 66.
Ba6 Bd7 67. Kf3 Bc6+ 68. Kf2 f3 69. Kg3 Bd5 70. Bc8 Kf6 71. Bg4 Ke5 72. Bxf3
Bxf3 73. Kxf3 1/2-1/2

[Event "23rd Abu Dhabi Masters"]
[Site "Abu Dhabi UAE"]
[Date "2016.08.21"]
[Round "1.11"]
[White "Iturrizaga Bonelli, Eduardo"]
[Black "Mehar, Chinna Reddy C.H."]
[Result "1/2-1/2"]
[WhiteTitle "GM"]
[BlackTitle "FM"]
[WhiteElo "2626"]
[BlackElo "2373"]
[WhiteFideId "3901211"]
[BlackFideId "5027420"]
[EventDate "2016.08.21"]

1. Nf3 d5 2. c4 c6 3. e3 Nf6 4. Nc3 e6 5. b3 Bd6 6. Bb2 O-O 7. Qc2 e5 8. d4 e4
9. Nd2 a6 10. h3 b5 11. O-O-O bxc4 12. bxc4 Qe7 13. g4 Bb7 14. Qb3 Bb4 15. a3
Bxc3 16. Qxc3 Nbd7 17. Nb3 Rab8 18. c5 Ne8 19. Na5 Nc7 20. Qc2 Ba8 21. h4 Nb5
22. Re1 Nc7 23. Bc3 Rfe8 24. Be2 Nb5 25. Bb4 Kh8 26. Qd2 Kg8 27. Kc2 Qf6 28.
Ref1 Qd8 29. a4 Nc7 30. Bc3 Qe7 31. g5 f5 32. Rb1 Rf8 33. Rxb8 Rxb8 34. Rb1 Rxb1
35. Kxb1 h6 36. Nb3 Bb7 37. Ba5 Ne6 38. Bb6 hxg5 39. hxg5 Qxg5 40. Na5 Qg1+ 41.
Kc2 Ba8 42. Bxa6 Qa1 43. Kb3 f4 44. Bc8 Ndf8 45. Nb7 g5 46. Nd8 Qb1+ 47. Qb2
Qd3+ 48. Qc3 Qb1+ 49. Qb2 Qd3+ 50. Ka2 fxe3 51. Nxe6 Qc4+ 52. Ka3 Qd3+ 1/2-1/2

[Event "23rd Abu Dhabi Masters"]
[Site "Abu Dhabi UAE"]
[Date "2016.08.21"]
[Round "1.12"]
[White "Iniyan, P"]
[Black "Andriasian, Zaven"]
[Result "1/2-1/2"]
[BlackTitle "GM"]
[WhiteElo "2368"]
[BlackElo "2621"]
[WhiteFideId "25002767"]
[BlackFideId "13302000"]
[EventDate "2016.08.21"]

1. d4 Nf6 2. c4 c6 3. Nc3 d5 4. Nf3 e6 5. Bg5 h6 6. Bh4 Nbd7 7. e3 Be7 8. Rc1
O-O 9. Bd3 dxc4 10. Bxc4 b5 11. Bd3 Bb7 12. O-O a6 13. a4 b4 14. Bxf6 gxf6 15.
Ne4 f5 16. Nc5 Nxc5 17. dxc5 Bf6 18. Qe2 Re8 19. Rfd1 Qc7 20. e4 fxe4 21. Qxe4
Bxb2 22. Qh7+ Kf8 23. Rc4 a5 24. Rg4 Rad8 25. Nh4 Ke7 26. Rf4 Rf8 27. Ng6+ Ke8
28. Rf3 Rd5 29. Re1 Qd7 30. Nxf8 Kxf8 31. Bg6 f5 32. Qxd7 Rxd7 33. g4 Kg7 34.
Rxe6 Bc8 35. Kg2 fxg4 36. Rfe3 Bd4 37. Re2 Rc7 38. R6e4 Bxc5 39. Bh5 Bd6 40.
Bxg4 c5 41. Bxc8 Rxc8 42. Rd2 Bf8 43. Rc4 Kf7 44. f4 Rb8 45. Kf3 b3 46. Rd1 Ke6
47. Ke4 b2 48. f5+ Kf7 49. Rb1 Bg7 50. Rxc5 Rb4+ 51. Kd3 Rxa4 52. Rc7+ Kf8 53.
Rc8+ Kf7 54. Rc7+ Kf8 55. Rc8+ Kf7 1/2-1/2

[Event "23rd Abu Dhabi Masters"]
[Site "Abu Dhabi UAE"]
[Date "2016.08.21"]
[Round "1.14"]
[White "Raja, Harshit"]
[Black "Oparin, Grigoriy"]
[Result "1/2-1/2"]
[BlackTitle "GM"]
[WhiteElo "2354"]
[BlackElo "2617"]
[WhiteFideId "5089000"]
[BlackFideId "24125890"]
[EventDate "2016.08.21"]

1. e4 e5 2. Nf3 Nc6 3. Bb5 a6 4. Ba4 Nf6 5. O-O Be7 6. d3 b5 7. Bb3 d6 8. a3 Na5
9. Ba2 c5 10. Nc3 Be6 11. Bg5 c4 12. dxc4 Nxc4 13. Bxc4 Bxc4 14. Re1 Rc8 15. Qd2
O-O 16. Rad1 Rc6 17. b3 Be6 18. Nd5 Bxd5 19. exd5 Rc5 20. Nxe5 dxe5 21. d6 h6
22. Bh4 Re8 23. dxe7 Qxe7 24. h3 Rc6 25. Bg3 e4 26. a4 bxa4 27. bxa4 Qe6 28. Bh4
Qc4 29. Bxf6 Rxf6 30. Qd4 Rc6 31. c3 Qe6 32. a5 Rc4 33. Qe3 Qc6 34. Qb6 Re6 35.
Qa7 Qc7 36. Qa8+ Kh7 37. Rd4 Rxd4 38. cxd4 Qxa5 39. Rxe4 Qb5 40. Rxe6 fxe6 41.
g4 Kg6 42. Qe4+ Kf7 43. Qf3+ Ke7 44. Qa3+ Kd7 45. Qf8 Qg5 46. Qf7+ Qe7 47. Qf3
Kc7 48. Qf4+ Qd6 49. Qf7+ Qd7 50. Qf4+ Kc6 51. Qe5 Kb6 52. Qc5+ Kb7 53. Qb4+ Kc7
54. Qa5+ Kb7 55. Qb4+ Kc7 1/2-1/2

[Event "23rd Abu Dhabi Masters"]
[Site "Abu Dhabi UAE"]
[Date "2016.08.21"]
[Round "1.15"]
[White "Salem, A.R. Saleh"]
[Black "Siva, Mahadevan"]
[Result "1-0"]
[WhiteTitle "GM"]
[BlackTitle "IM"]
[WhiteElo "2617"]
[BlackElo "2352"]
[WhiteFideId "9301348"]
[BlackFideId "25043153"]
[EventDate "2016.08.21"]

1. e4 c5 2. Nf3 d6 3. d4 cxd4 4. Nxd4 Nf6 5. Nc3 a6 6. Bg5 e6 7. Qf3 Nbd7 8.
O-O-O Qc7 9. Bd3 b5 10. a3 Bb7 11. Rhe1 Be7 12. Qg3 Rc8 13. Bxf6 Nxf6 14. Ncxb5
axb5 15. Qxg7 Rf8 16. e5 dxe5 17. Bxb5+ Nd7 18. Rxe5 Bd5 19. Kb1 Rb8 20. Re3 Kd8
21. Bxd7 Kxd7 22. Nxe6 fxe6 23. Rxd5+ Ke8 24. Rxe6 Rf7 25. Qg8+ Rf8 26. Qxh7
Rxf2 27. Qg8+ Rf8 28. Qg6+ Rf7 29. Rf5 1-0

[Event "23rd Abu Dhabi Masters"]
[Site "Abu Dhabi UAE"]
[Date "2016.08.21"]
[Round "1.16"]
[White "Rajesh, V A V"]
[Black "Banusz, Tamas"]
[Result "0-1"]
[WhiteTitle "IM"]
[BlackTitle "GM"]
[WhiteElo "2346"]
[BlackElo "2616"]
[WhiteFideId "5029317"]
[BlackFideId "722413"]
[EventDate "2016.08.21"]

1. d4 Nf6 2. c4 e6 3. Nc3 Bb4 4. e3 O-O 5. Bd3 c5 6. Ne2 d5 7. O-O cxd4 8. exd4
dxc4 9. Bxc4 Nbd7 10. Bg5 Nb6 11. Bb3 Be7 12. Qd3 Nfd5 13. Bxe7 Nxe7 14. Rfd1
Bd7 15. Ne4 Ng6 16. Rac1 Bc6 17. Nc5 Qg5 18. Qg3 Qxg3 19. hxg3 Rfd8 20. Bc2 Ne7
21. f3 g6 22. Kf2 Rac8 23. g4 h6 24. Bd3 Nbd5 25. a3 a5 26. Rc2 b6 27. Ne4 Ba4
28. Rxc8 Rxc8 29. Rc1 Rd8 30. N4c3 Bc6 31. Nxd5 Bxd5 32. Rc7 Kf8 33. Nc3 Bc6 34.
Ke3 Rd7 35. Rxd7 Bxd7 36. Bc4 Nc8 37. Ne4 Bc6 38. Nc3 Nd6 39. Ba2 Bd7 40. Kf4
g5+ 41. Ke3 Ke7 42. Ne4 f5 43. Nc3 fxg4 44. fxg4 Ne8 45. Bc4 Nf6 46. Be2 Kd6 47.
g3 Kc7 48. Kd3 Bc6 49. Ke3 Be8 50. Bf3 b5 51. Ne4 Nd5+ 52. Kd2 Nb6 53. Nf6 Bg6
54. Be2 b4 55. axb4 axb4 56. Bd3 Bf7 57. Kc2 Kd6 58. Kb3 e5+ 59. Kxb4 exd4 60.
Kb5 Nd5 61. Ne4+ Ke5 62. Nf2 Nf6 63. Kc6 Bd5+ 64. Kc5 Nd7+ 65. Kb5 Kd6 66. b4
Ne5 67. Be2 Bc6+ 68. Kb6 Bf3 69. Bxf3 Nxf3 70. b5 Ne5 71. Ka7 d3 72. b6 Kd7 73.
Ne4 Kc6 74. b7 Nd7 75. Ka8 Nb6+ 76. Ka7 Nd7 77. Ka8 Kc7 78. Nc5 d2 79. Nxd7 d1=Q
80. b8=Q+ Kxd7 81. Qb7+ Kd6 82. Qb8+ Kc5 83. Qc7+ Kb4 84. Qb6+ Kc3 85. Qxh6 Qxg4
86. Qd6 Qe4+ 87. Kb8 g4 88. Qf6+ Kd3 89. Qf2 Qe5+ 90. Kc8 Qc3+ 91. Kb8 Qb3+ 92.
Ka7 Qa4+ 93. Kb8 Qe8+ 94. Kc7 Qe7+ 95. Kc8 Qe2 96. Qf5+ Qe4 97. Qf1+ Qe2 98.
Qf5+ Kd2 99. Qd5+ Ke1 100. Qd4 Kf1 101. Kd7 Kg2 102. Qd6 Qe3 103. Qd1 Kxg3 104.
Qd6+ Kh3 105. Qd5 g3 106. Qh1+ Kg4 107. Qd1+ Qf3 108. Qd4+ Kh3 109. Qh8+ Kg2
110. Qd4 Qf5+ 111. Ke7 Kf3 112. Qd1+ Kf4 113. Qd2+ Kg4 114. Qd1+ Qf3 115. Qd4+
Qf4 116. Qd1+ Kg5 117. Qd5+ Kh6 118. Qh1+ Kg6 119. Qc6+ Kh5 120. Qh1+ Qh4+ 0-1

[Event "23rd Abu Dhabi Masters"]
[Site "Abu Dhabi UAE"]
[Date "2016.08.21"]
[Round "1.17"]
[White "Ter-Sahakyan, Samvel"]
[Black "Antonio, Viani D'cunha"]
[Result "1-0"]
[WhiteTitle "GM"]
[WhiteElo "2613"]
[BlackElo "2346"]
[WhiteFideId "13302531"]
[BlackFideId "5027330"]
[EventDate "2016.08.21"]

1. e4 c5 2. Nf3 d6 3. d4 cxd4 4. Nxd4 Nf6 5. Nc3 g6 6. g3 Bg7 7. Bg2 O-O 8. O-O
Bg4 9. Nde2 Qc8 10. f3 Bd7 11. b3 b5 12. a3 a5 13. Bb2 Na6 14. Qd2 Qc5+ 15. Kh1
Rfc8 16. Rfc1 Nc7 17. Nd1 Ne6 18. Rab1 Qh5 19. Ne3 Bc6 20. Rd1 Bh6 21. Bxf6 exf6
22. f4 Re8 23. b4 axb4 24. axb4 Ra3 25. Rb3 Rxb3 26. cxb3 Nf8 27. Nc3 Ne6 28.
Qxd6 Ba8 29. Qd7 Rb8 30. Ned5 Bg7 31. Nc7 Nxc7 32. Qxc7 Rf8 33. Qd7 f5 34. e5
Bf3 35. Rd3 Bg4 36. Qe7 Rc8 37. Rd8+ Rxd8 38. Qxd8+ Bf8 39. Nd5 Qh6 40. Nf6+ Kh8
41. h4 Qg7 42. Ne8 Qg8 43. Qf6+ Bg7 44. Nxg7 Qxg7 45. Bc6 Qxf6 46. exf6 Be2 47.
Kg2 h6 48. Kf2 Bd3 49. Bd5 Kg8 50. Ke3 1-0

[Event "23rd Abu Dhabi Masters"]
[Site "Abu Dhabi UAE"]
[Date "2016.08.21"]
[Round "1.20"]
[White "Kulkarni, Rakesh"]
[Black "Zubov, Alexander"]
[Result "0-1"]
[BlackTitle "GM"]
[WhiteElo "2316"]
[BlackElo "2606"]
[WhiteFideId "5037077"]
[BlackFideId "14109409"]
[EventDate "2016.08.21"]

1. e4 c5 2. Nf3 d6 3. d4 cxd4 4. Nxd4 Nf6 5. Nc3 a6 6. h3 e6 7. g4 b5 8. Bg2 Bb7
9. a3 Be7 10. h4 d5 11. exd5 Nxd5 12. Nxd5 Bxd5 13. Bxd5 Qxd5 14. Qf3 Qxf3 15.
Nxf3 Nd7 16. Bd2 Nf6 17. g5 Nd5 18. O-O-O O-O 19. Ne5 Rfc8 20. f4 a5 21. Kb1 b4
22. a4 Bd6 23. Nd3 Rc4 24. b3 Rc7 25. h5 Rac8 26. Rc1 Kf8 27. Rhe1 Rc6 28. Re4
Bc7 29. Nb2 f5 30. gxf6 Nxf6 31. Rd4 Nxh5 32. Nc4 Ng3 33. Re1 Nf5 34. Rd7 Ke8
35. Rd5 Kf7 36. Rd7+ Kg8 37. c3 bxc3 38. Bxc3 Bxf4 39. Bxa5 h5 40. Re4 g5 41.
Bc3 h4 42. Be5 Bxe5 43. Nxe5 R6c7 44. Rd1 Kg7 45. Nf3 Kf6 46. Nh2 Ng3 47. Rb4
Nh5 48. Ng4+ Kg6 49. Ne5+ Kf6 50. Ng4+ Kf5 51. Ne3+ Kg6 52. a5 Nf4 53. Ng4 Nd5
54. Rxd5 exd5 55. Rb6+ Kf5 56. Ne3+ Ke4 57. Re6+ Kf3 58. Nxd5 Rc5 59. Ne7 Rb8
60. Kb2 h3 61. Rh6 Kg2 62. Nc6 Rc8 63. Nd4 Rxa5 0-1

[Event "23rd Abu Dhabi Masters"]
[Site "Abu Dhabi UAE"]
[Date "2016.08.21"]
[Round "1.21"]
[White "Prohaszka, Peter2"]
[Black "Ramnath, Bhuvanesh R"]
[Result "1-0"]
[WhiteTitle "GM"]
[BlackTitle "IM"]
[WhiteElo "2604"]
[BlackElo "2307"]
[WhiteFideId "726265"]
[BlackFideId "5026598"]
[EventDate "2016.08.21"]

1. d4 Nf6 2. c4 g6 3. Nf3 Bg7 4. g3 O-O 5. Bg2 c6 6. O-O d6 7. Nc3 Bf5 8. Ng5 h6
9. e4 Bg4 10. f3 Bc8 11. Nh3 c5 12. dxc5 dxc5 13. e5 Nh7 14. f4 Nc6 15. Be3 Bf5
16. Nf2 Qc8 17. Qd5 Nd4 18. Bxd4 cxd4 19. Qxd4 Rd8 20. Nd5 Bf8 21. Qc3 e6 22.
Ne3 Bc5 23. Rad1 Qc7 24. Nxf5 gxf5 25. b4 Be7 26. c5 a5 27. a3 axb4 28. axb4 Rd7
29. Bxb7 Rb8 30. Rxd7 Qxd7 31. c6 Qc7 32. Rc1 Nf8 33. b5 Nd7 34. cxd7 Qxb7 35.
Qc6 Kg7 36. b6 Qa6 37. Qc7 Qa8 38. Qa7 Qxa7 39. bxa7 Ra8 1-0

[Event "23rd Abu Dhabi Masters"]
[Site "Abu Dhabi UAE"]
[Date "2016.08.21"]
[Round "1.22"]
[White "Kunal, M."]
[Black "Adly, Ahmed"]
[Result "1/2-1/2"]
[BlackTitle "GM"]
[WhiteElo "2302"]
[BlackElo "2603"]
[WhiteFideId "5018250"]
[BlackFideId "10601619"]
[EventDate "2016.08.21"]

1. e4 c5 2. Nf3 d6 3. Bb5+ Nd7 4. O-O a6 5. Bxd7+ Bxd7 6. Re1 e6 7. c3 Nf6 8. d4
cxd4 9. cxd4 Be7 10. Nc3 O-O 11. Bg5 h6 12. Bh4 Bc6 13. d5 exd5 14. Nxd5 Nxd5
15. exd5 Bxh4 16. dxc6 Bf6 17. cxb7 Ra7 18. Qd5 Qb6 19. Rad1 Rxb7 20. Qxd6 Qxd6
21. Rxd6 Rxb2 22. Rxa6 Rc8 23. Rf1 Rcc2 24. Ra8+ Kh7 25. Ra7 Kg8 26. Ra8+ Kh7
27. Ra7 Kg6 28. Ra6 Rxa2 29. Rxa2 Rxa2 30. g3 Kf5 31. Kg2 g5 32. h3 h5 33. Rb1
g4 34. hxg4+ hxg4 35. Rb5+ Ke6 36. Ng5+ Bxg5 1/2-1/2

[Event "23rd Abu Dhabi Masters"]
[Site "Abu Dhabi UAE"]
[Date "2016.08.21"]
[Round "1.23"]
[White "Savchenko, Boris"]
[Black "AlHuwar, Jasem"]
[Result "1-0"]
[WhiteTitle "GM"]
[BlackTitle "FM"]
[WhiteElo "2602"]
[BlackElo "2291"]
[WhiteFideId "4147332"]
[BlackFideId "9300465"]
[EventDate "2016.08.21"]

1. e4 e6 2. d4 d5 3. Nc3 dxe4 4. Nxe4 Nd7 5. c3 Ngf6 6. Bd3 c5 7. Nf3 cxd4 8.
Nxd4 Be7 9. O-O O-O 10. Re1 Nc5 11. Nxf6+ Bxf6 12. Bxh7+ Kxh7 13. Qh5+ Kg8 14.
Qxc5 b6 15. Qc4 Bxd4 16. cxd4 Bb7 17. Re5 Rc8 18. Qd3 Rc5 19. Re1 e5 20. Be3 Rd5
21. Rad1 exd4 22. Bxd4 Qg5 23. f3 Rfd8 24. Qc3 Qg6 25. Re7 Bc8 26. Re2 Be6 27.
Red2 Rc8 28. Qe3 Rcd8 29. a3 Bh3 30. Qe4 Bf5 31. Qe7 Bc2 32. Bxg7 Qe6 33. Qxe6
fxe6 34. Rxd5 exd5 35. Bf6 Rf8 36. Rc1 Ba4 37. Bd4 Re8 38. Kf2 Bb5 39. Rc2 Bc4
40. g4 Re6 41. h4 a5 42. h5 b5 43. b4 a4 44. Kg3 Re1 45. Rd2 Rh1 46. f4 Rb1 47.
g5 Rb3+ 48. Kg4 Rxa3 49. g6 Bd3 50. f5 Be4 51. h6 1-0

[Event "23rd Abu Dhabi Masters"]
[Site "Abu Dhabi UAE"]
[Date "2016.08.21"]
[Round "1.24"]
[White "Muthaiah, AL"]
[Black "Demchenko, Anton"]
[Result "0-1"]
[BlackTitle "GM"]
[WhiteElo "2289"]
[BlackElo "2600"]
[WhiteFideId "5092442"]
[BlackFideId "4160258"]
[EventDate "2016.08.21"]

1. Nf3 d6 2. d4 Nf6 3. g3 g6 4. b3 Bg7 5. Bb2 O-O 6. Bg2 Nbd7 7. O-O Re8 8. c4
e5 9. dxe5 Ng4 10. Nc3 dxe5 11. h3 Nh6 12. Qc2 e4 13. Nh2 f5 14. Rad1 c6 15. f3
Qc7 16. f4 Nf6 17. e3 Be6 18. Rf2 Nf7 19. Nf1 Rac8 20. Na4 Qe7 21. Bd4 b6 22. c5
b5 23. Nc3 a5 24. a3 h6 25. b4 axb4 26. axb4 Kh7 27. Ra1 Red8 28. Qb2 h5 29. Ra6
h4 30. gxh4 Rxd4 31. exd4 Nh5 32. Ne2 Bc4 33. Ne3 Bxe2 34. Qxe2 Bxd4 35. Nxf5
Bxf2+ 36. Kxf2 Qf6 37. Nd6 Nxd6 38. cxd6 Rf8 39. Qxe4 Qxd6 40. Rxc6 Rxf4+ 41.
Bf3 Qd2+ 42. Qe2 Qxb4 43. Rc7+ Kh6 44. Qe5 Qd2+ 45. Kg1 Rf6 46. Qe7 Qd4+ 47. Kh1
Qxh4 48. Qh7+ Kg5 49. Rc5+ Rf5 50. Qe7+ Nf6 51. Qe3+ Qf4 52. h4+ 0-1

[Event "23rd Abu Dhabi Masters"]
[Site "Abu Dhabi UAE"]
[Date "2016.08.21"]
[Round "1.25"]
[White "Bortnyk, Olexandr"]
[Black "Geldiyeva, Mahri"]
[Result "1-0"]
[WhiteTitle "GM"]
[BlackTitle "WGM"]
[WhiteElo "2588"]
[BlackElo "2285"]
[WhiteFideId "14120828"]
[BlackFideId "14000059"]
[EventDate "2016.08.21"]

1. e4 Nf6 2. e5 Nd5 3. d4 d6 4. Nf3 dxe5 5. c4 Nf6 6. Nxe5 g6 7. Nc3 Bg7 8. Be3
c6 9. Be2 Nbd7 10. f4 O-O 11. O-O Qc7 12. Qe1 Re8 13. Qh4 Nf8 14. Rae1 N6d7 15.
Bd3 f6 16. Ng4 h5 17. Bxg6 Nxg6 18. Qxh5 Ndf8 19. f5 Bxf5 20. Rxf5 Rad8 21. Ne4
Qc8 22. Bh6 Rxd4 23. Bxg7 Kxg7 24. Qh6+ Kf7 25. Ng5+ 1-0

[Event "23rd Abu Dhabi Masters"]
[Site "Abu Dhabi UAE"]
[Date "2016.08.21"]
[Round "1.26"]
[White "Harikrishnan, A. Ra"]
[Black "Azarov, Sergei"]
[Result "1/2-1/2"]
[BlackTitle "GM"]
[WhiteElo "2280"]
[BlackElo "2581"]
[WhiteFideId "5081483"]
[BlackFideId "13501470"]
[EventDate "2016.08.21"]

1. e4 c5 2. Nf3 Nc6 3. Bb5 e6 4. Bxc6 bxc6 5. O-O Ne7 6. d3 Ng6 7. Ng5 f6 8. Nh3
d5 9. f4 Bd6 10. c4 O-O 11. Nc3 Ne7 12. Nf2 Kh8 13. Kh1 Bd7 14. b3 Qc7 15. Ne2
Rf7 16. Be3 e5 17. f5 a5 18. a4 Rb8 19. g4 g6 20. Ng3 Rg8 21. Rg1 Qb8 1/2-1/2